Common Flowers of India / (Record no. 159931)

MARC details
000 -LEADER
fixed length control field 00478nam a22001697a 4500
005 - DATE AND TIME OF LATEST TRANSACTION
control field 20190110142530.0
010 ## - LCCN (DPL NO)
LC control number B-217449
020 ## - INTERNATIONAL STANDARD BOOK NUMBER
International Standard Book Number 8123013086
Terms of availability 250.00
035 ## - SYSTEM CONTROL NUMBER
System control number B-217449
037 ## - SOURCE OF ACQUISITION
Source of stock number/acquisition Publication Division
082 ## - DEWEY DECIMAL CLASSIFICATION NUMBER
Classification number 582.130
100 ## - MAIN ENTRY--PERSONAL NAME
Personal name Pandey, D.S.
245 ## - TITLE STATEMENT
Title Common Flowers of India /
Statement of responsibility, etc D.S. Pandey {and} N.P. Singh
260 ## - PUBLICATION, DISTRIBUTION, ETC. (IMPRINT)
Place of publication, distribution, etc New Delhi
Name of publisher, distributor, etc Publication Division
Date of publication, distribution, etc 2005
300 ## - PHYSICAL DESCRIPTION
Extent 90p.
Dimensions 23cm(hbk)
942 ## - ADDED ENTRY ELEMENTS (KOHA)
Source of classification or shelving scheme Dewey Decimal Classification
Item type Children Books
Classification part 582.130
Call number suffix DAN
Holdings
Withdrawn status Lost status Not for loan Collection code Home library Current library Date acquired Full call number Barcode Koha item type Public note
      Non-fiction Sarojini Nagar Sarojini Nagar 10/01/2019 582.130 DAN B-217449 Children Books Withdrawn List Prepared L.No.14/19

© Delhi Public Library
Hit Counter
free hit counter